| 000 | 00361nam a2200133Ia 4500 | ||
|---|---|---|---|
| 008 | 240624s9999 xx 000 0 und d | ||
| 041 | _aeng | ||
| 082 | _a658.45 GOS | ||
| 100 | _aGOSTICK ADRIAN | ||
| 245 | _aLEVITY EFFECT WHY IT PAYS TO LIGHTEN UP | ||
| 260 |
_c2008 _aNew Jersey _bJohn Wiley and Sons |
||
| 300 | _aviii, : 229 : p. : cm. ; 22 | ||
| 365 |
_c _b30 |
||
| 999 |
_c12756 _d12756 |
||